Beyond Access (Record no. 8939)

MARC details
000 -LEADER
fixed length control field 00655nam a22002177a 4500
003 - CONTROL NUMBER IDENTIFIER
control field OSt
005 - DATE AND TIME OF LATEST TRANSACTION
control field 20240626131554.0
008 - FIXED-LENGTH DATA ELEMENTS--GENERAL INFORMATION
fixed length control field 240626b |||||||| |||| 00| 0 eng d
020 ## - INTERNATIONAL STANDARD BOOK NUMBER
International Standard Book Number 0855985291
040 ## - CATALOGING SOURCE
Transcribing agency MUST
082 ## - DEWEY DECIMAL CLASSIFICATION NUMBER
Classification number 371.8 BEY 2005
100 ## - MAIN ENTRY--PERSONAL NAME
Personal name edited by Sheila Aikman
9 (RLIN) 18098
245 ## - TITLE STATEMENT
Title Beyond Access
Remainder of title : transforming policy and practice for gender quality in education
260 ## - PUBLICATION, DISTRIBUTION, ETC. (IMPRINT)
Place of publication, distribution, etc. London
Name of publisher, distributor, etc. : Oxfam publishing
Date of publication, distribution, etc. , C 2005
300 ## - PHYSICAL DESCRIPTION
Extent vii,263p.
Other physical details : ill
Dimensions ; 23 cm
504 ## - BIBLIOGRAPHY, ETC. NOTE
Bibliography, etc includes index
650 ## - SUBJECT ADDED ENTRY--TOPICAL TERM
Topical term or geographic name as entry element Gender equality
9 (RLIN) 18099
650 ## - SUBJECT ADDED ENTRY--TOPICAL TERM
Topical term or geographic name as entry element Transforming policy
9 (RLIN) 18100
700 ## - ADDED ENTRY--PERSONAL NAME
Personal name Elaine Unterhalter
9 (RLIN) 18101
942 ## - ADDED ENTRY ELEMENTS (KOHA)
Source of classification or shelving scheme Dewey Decimal Classification
Koha item type Open Shelf
Holdings
Withdrawn status Lost status Source of classification or shelving scheme Damaged status Not for loan Home library Current library Date acquired Source of acquisition Inventory number Total Checkouts Full call number Barcode Date last seen Price effective from Koha item type
    Dewey Decimal Classification     MUST Main Library MUST Main Library 26/06/2024 Donation 07/28750   371.8 BEY 2005 2024-21454 26/06/2024 26/06/2024 Open Shelf